书目信息 |
| 题名: |
Photoshop CC景观效果图后期表现教程
|
|
| 作者: | 李淑玲 主编 | |
| 分册: | ||
| 出版信息: | 北京 化学工业出版社 2016.5 |
|
| 页数: | 307页 | |
| 开本: | 26cm | |
| 丛书名: | ||
| 单 册: | ||
| 中图分类: | TU984.18- | |
| 科图分类: | ||
| 主题词: | ||
| 电子资源: | ||
| ISBN: | 978-7-122-26317-9 | |
| 000 | 01014nam0 2200253 450 | |
| 001 | 0400001875 | |
| 005 | 20171025165648.75 | |
| 010 | @a978-7-122-26317-9@dCNY42.00 | |
| 100 | @a20160506d2016 em y0chiy50 ea | |
| 101 | 0 | @achi |
| 102 | @aCN@b110000 | |
| 105 | @aa z 000yy | |
| 106 | @ar | |
| 200 | 1 | @aPhotoshop CC景观效果图后期表现教程@9Photoshop CC jing guan xiao guo tu hou qi biao xian jiao cheng@b专著@f李淑玲主编 |
| 205 | @a第2版 | |
| 210 | @a北京@c化学工业出版社@d2016.5 | |
| 215 | @a307页@c图@d26cm | |
| 307 | @a实际页数为:308 | |
| 330 | @a本书分理论和实例两个部分。理论部分系统讲解了在效果图后期制作过程中需要掌握的基本命令,并以每章一练的形式巩固知识。实例部分以广场总平面效果、居住小区景观、道路景观等实际工作中遇到较多的案例进行详细讲解,提高读者解决实际问题的能力。 | |
| 610 | 0 | @a景观设计@x计算机辅助设计@x三维动画软件,Photoshop CC@j教材 |
| 690 | @aTU984.18-@v5 | |
| 701 | 0 | @a李淑玲@9li shu ling@4主编 |
| 801 | 0 | @aCN@b91MARC@c20171019 |
| 905 | @b1030896-900@dTU984.18-@f5@e1111=2 | |
| Photoshop CC景观效果图后期表现教程/李淑玲主编.-第2版.-北京:化学工业出版社,2016.5 |
| 307页:图;26cm |
| ISBN 978-7-122-26317-9:CNY42.00 |
| 本书分理论和实例两个部分。理论部分系统讲解了在效果图后期制作过程中需要掌握的基本命令,并以每章一练的形式巩固知识。实例部分以广场总平面效果、居住小区景观、道路景观等实际工作中遇到较多的案例进行详细讲解,提高读者解决实际问题的能力。 |
| ● |
| 相关链接 |
|
|
|
|
正题名:Photoshop CC景观效果图后期表现教程
索取号:TU984.18-/1111=2
 
预约/预借
| 序号 | 登录号 | 条形码 | 馆藏地/架位号 | 状态 | 备注 |
| 1 | 1030896 | 210308969 | 第二样本阅览室/ [索取号:TU984.18-/1111=2] | 在馆 | |
| 2 | 1030897 | 210308978 | 密集书库-生命科学系/ [索取号:TU984.18-/1111=2] | 在馆 | |
| 3 | 1030898 | 210308987 | 第三借阅区/ [索取号:TU984.18-/1111=2] | 在馆 | |
| 4 | 1030899 | 210308996 | 第三借阅区/ [索取号:TU984.18-/1111=2] | 在馆 | |
| 5 | 1030900 | 210309003 | 第三借阅区/ [索取号:TU984.18-/1111=2] | 在馆 |